Everything connects : (Record no. 356314)
[ view plain ]
| 000 -LEADER | |
|---|---|
| fixed length control field | 00376nam a2200109Ia 4500 |
| 008 - FIXED-LENGTH DATA ELEMENTS--GENERAL INFORMATION | |
| fixed length control field | 180315s9999 xx 000 0 und d |
| 020 ## - INTERNATIONAL STANDARD BOOK NUMBER | |
| International Standard Book Number | 9780071830751 |
| 100 ## - MAIN ENTRY--PERSONAL NAME | |
| Personal name | Hoque, Faisal |
| 245 ## - TITLE STATEMENT | |
| Statement of responsibility, etc | Baer, Drake |
| Title | Everything connects : |
| Remainder of title | How to transform and lead in the age of creativity innovation, and sustainability |
| 260 ## - PUBLICATION, DISTRIBUTION, ETC. (IMPRINT) | |
| Place of publication, distribution, etc | USA : |
| Name of publisher, distributor, etc | 2014 |
| Date of publication, distribution, etc | McGrawHill |
| 300 ## - PHYSICAL DESCRIPTION | |
| Extent | xiii, 259 pages |
| Withdrawn status | Lost status | Damaged status | Home library | Current library | Shelving location | Date acquired | Source of acquisition | Total Checkouts | Total Renewals | Full call number | Barcode | Date last seen | Date checked out | Price effective from | Koha item type |
|---|---|---|---|---|---|---|---|---|---|---|---|---|---|---|---|
| College Library | College Library | Graduate Section | 03/15/2018 | Library Fund | 4 | 27 | HD 58.7 .H648 2014 | C21418 | 05/03/2019 | 03/13/2019 | 03/15/2018 | Books |